|
|
|
|
| LEADER |
00000nam2a2200000 4500 |
| 001 |
219189 |
| 005 |
20231101230236.0 |
| 010 |
|
|
|a 9785020358195
|
| 010 |
|
|
|a 978-5-4262-0013-5
|
| 035 |
|
|
|a (RuTPU)RU\TPU\book\239228
|
| 090 |
|
|
|a 219189
|
| 100 |
|
|
|a 20120703d2011 k y0rusy50 ca
|
| 101 |
0 |
|
|a rus
|
| 102 |
|
|
|a RU
|
| 105 |
|
|
|a a z 001zy
|
| 200 |
0 |
|
|a Т. 1. Кн. 1: Региональная тектоника и геология
|f под ред. Р. Г. Гарецкого
|
| 210 |
|
|
|d 2011
|
| 215 |
|
|
|a 428 с.
|c ил.
|
| 320 |
|
|
|a Библиография в конце глав.
|
| 330 |
|
|
|a Первая книга первого тома избранных трудов академика АЛ. Яншина посвящена региональной геологии, гидрогеологии и тектонике Южного Урала и Казахстана (Северное Приаралье, Мангышлак, Устюрт, Прикаспийская впадина и их окружение) и включает работы, написанные в 1930-1960 годах. В статьях рассмотрены как фундаментальные вопросы о кинематике и возрасте разрывных нарушений в регионе, о продолжении уральских складчатых сооружений в южном направлении, о соотношении структур юго-востока Русской платформы, Урала, Тянь-Шаня и Мангышлака, так и детально проанализированы различные проблемы геологии небольших структур, отдельных месторождений. В конце книги приведено введение к книге «Земля и человек», оглавление и список литературы, которые ранее не были опубликованы. Для геологов, географов, историков науки и студентов вузов геологических специальностей.
|
| 461 |
|
1 |
|0 (RuTPU)RU\TPU\book\246914
|y 978-5-02-035818-8
|t Избранные труды
|f А. Л. Яншин
|g Российская академия наук (РАН), Сибирское отделение (СО), Институт нефтегазовой геологии и геофизики им. А. А. Трофимука (ИНГГ); под ред. А. Э. Конторовича
|v Т. 1. Кн. 1: Региональная тектоника и геология
|d 2011
|s Памятники отечественной науки. XX век
|
| 606 |
1 |
|
|a Геология
|2 stltpush
|3 (RuTPU)RU\TPU\subj\6095
|9 34054
|
| 606 |
1 |
|
|a Геология региональная
|2 stltpush
|3 (RuTPU)RU\TPU\subj\6120
|9 34078
|
| 606 |
1 |
|
|a Тектоника
|2 stltpush
|3 (RuTPU)RU\TPU\subj\58770
|9 76521
|
| 610 |
1 |
|
|a триасовые отложения
|
| 610 |
1 |
|
|a Урал
|
| 610 |
1 |
|
|a артезианские воды
|
| 610 |
1 |
|
|a Украина
|
| 610 |
1 |
|
|a Приаралье
|
| 610 |
1 |
|
|a геологическое строение
|
| 610 |
1 |
|
|a гидрогеология
|
| 610 |
1 |
|
|a Казахстан
|
| 610 |
1 |
|
|a разрывные нарушения
|
| 675 |
|
|
|a 55
|v 3
|
| 675 |
|
|
|a 55(1/9)
|v 3
|
| 675 |
|
|
|a 551.24
|v 3
|
| 702 |
|
1 |
|a Гарецкий
|b Р. Г.
|4 340
|
| 801 |
|
1 |
|a RU
|b 63413507
|c 20120703
|
| 801 |
|
2 |
|a RU
|b 63413507
|c 20121127
|g RCR
|
| 942 |
|
|
|c BK
|
| 959 |
|
|
|a 99/20120703
|d 1
|e 450,00
|f ЧЗТЛ:1
|